| 000 | 01196cam a2200277 a 4500 | ||
|---|---|---|---|
| 001 | 000006015 | ||
| 005 | 20200929151903.0 | ||
| 008 | 731217s1917 sp b 001 0 spa | ||
| 040 |
_aDO-SdBNP _cOKentU _dOCoLC _dDLC _dBNPHU |
||
| 082 |
_a928.61 _bG643e |
||
| 100 | 1 |
_aGonzález-Blanco, Andrés, _d1886-1924. _916944 |
|
| 245 | 1 | 0 |
_aEscritores representativos de América / _cAndrés González-Blanco. |
| 260 |
_aMadrid : _bAmérica, _c1917. |
||
| 300 |
_a351 p. ; _c20 cm. |
||
| 490 | 1 | _aBiblioteca Andrés Bello | |
| 505 | 0 | _aEl crítico: José Enrique Rodó .-- El Poligrafo: Rufino Blanco-Fombona .-- El ensayistas: Carlos Arturo Torres .-- El sociologo: Carlos Octavio Bunge .-- El poeta: José Santos Chocano. | |
| 650 | 4 |
_aPersonajes literarios _916945 |
|
| 650 | 4 |
_aLiteratura hispanoamericana _xHistoria y crítica _96273 |
|
| 600 | 1 | 4 |
_aRODO, JOSÉ ENRIQUE, _d1871-1917. _93052 |
| 600 | 1 | 4 |
_aBLANCO-FOMBONA, RUFINO, _d1874-1944. _93877 |
| 600 | 1 | 4 |
_aTORRES, CARLOS ARTURO, _d1867-1911. _916946 |
| 600 | 1 | 4 |
_aBUNGE, CARLOS OCTAVIO, _d1875-1918. _916947 |
| 600 | 1 | 4 |
_aCHOCANO, JOSÉ SANTOS, _d1875-1934. _916948 |
| 830 | 0 |
_aBiblioteca Andrés Bello. _93963 |
|
| 910 | _aCatalogación derivada | ||
| 999 |
_c5811 _d5811 |
||